Les 3 adversaires de Loïs Boisson à Roland Garros - Statistiques

Statistiques générales
  • Ce quiz a été pris 46 fois
    17 depuis la dernière actualisation
  • Le résultat moyen est 4 sur 6
Statistiques - réponses
Rang Mondiale Joueuses (Nom) % Correct
2 Gauff
100%
6 Andreeva
94%
3 Pegula
88%
113 Jacquemot
75%
95 Kalinina
31%
24 Martens
19%
Aucun quiz correspondant
Distribution des résultats
% des personnes avec chaque résultat
Percentile par nombre de réponses
Votre historique - résultats
Vous n’avez pas pris ce quiz depuis la dernière actualisation